000 00427cam a2200181 4500
001 D12951
008 090401t1915 xxu||||| |||| 00| 0 eng d
035 _a(Sirsi) u6811
041 _aeng
100 _aHewitt, Edgar Percy
245 4 _aThe law relating to the taxes on land values
260 _aLondon
_bButterworths
_c1915
300 _a185p
350 _a0
520 _aShelf 116
942 _n0
948 _c04/03/1997
999 _c86352
_d86352